00704nam a2200217Ia 4500082001200000100002500012245004700037260003200084300002100116650003800137650005000175650001700225650004200242650002900284650002500313650002000338650003300358650004200391650003600433710001700469 aTS.0224 aSaxena, Shyam Narain 0aRole of Indian army in the first world war c1975bUniversity of Lucknow a327p. + C D - 31 aWORLD WAR I//WORLD WAR, 1914-1918 aEUROPEAN WAR, 1914-1918//WORLD WAR, 1914-1918 aINDIA - ARMY aWAR - SOCIAL ASPECTS//WAR AND SOCIETY aSOCIOLOGY///WAR AND SOC  aWORLD WAR, 1914-1918 aWAR AND SOCIETY aARMIES - INDIA//INDIA - ARMY aFIRST WORLD WAR//WORLD WAR, 1914-1918 aSOCIETY AND WAR//WAR AND SOCIET aBrij Kishore